[Event "Weekend Villa Bombrini"]
[Site "Genova ITA"]
[Date "2014.10.04"]
[Round "2"]
[White "Lazzoni, Davide"]
[Black "Rivara, Massimo"]
[WhiteElo "1566"]
[BlackElo "1767"]
[Result "1-0"]
[PlyCount "93"]
[EventDate "2014.10.03"]

1. e4 c5 2. Nf3 d6 3. d4 cxd4 4. Nxd4 Nf6 5. Nc3 a6 6. Bg5 e6 7. Qf3 Be7 8. Bd3
Nbd7 9. O-O O-O 10. Rfe1 Qc7 11. Re3 b5 12. Rae1 b4 13. Nb1 Bb7 14. Qh3 Ne5 15.
Rg3 Kh8 16. Qh4 Ng6 17. Qh3 Ng8 18. e5 dxe5 19. Bxg6 fxg6 20. Nxe6 Qd7 21. Nxf8
Qxh3 22. Rxh3 Rxf8 23. Bxe7 Nxe7 24. Rxe5 Nd5 25. c4 Nf4 26. Rhe3 Kg8 27. Re8
Bxg2 28. Rxf8+ Kxf8 29. Nd2 Bc6 30. Ne4 h6 31. Nc5 a5 32. Ne6+ Nxe6 33. Rxe6
Be8 34. Ra6 a4 35. Rb6 b3 36. axb3 axb3 37. Rxb3 Bf7 38. Rb4 Ke7 39. c5 Bd5 40.
Rg4 g5 41. h4 Bf3 42. Rg3 g4 43. b4 Kd7 44. b5 h5 45. b6 Kc8 46. Rxf3 gxf3 47.
Kh2 1-0

[Event "Weekend Villa Bombrini"]
[Site "Genova ITA"]
[Date "2014.10.04"]
[Round "2"]
[White "Mortola, Alberto"]
[Black "Manfredi, Vincenzo"]
[WhiteElo "1968"]
[BlackElo "2224"]
[Result "0-1"]
[PlyCount "70"]
[EventDate "2014.10.03"]

1. d4 Nf6 2. Nf3 c5 3. c3 g6 4. Bf4 Bg7 5. e3 O-O 6. Nbd2 b6 7. Bd3 Ba6 8. Bxa6
Nxa6 9. O-O Nc7 10. e4 cxd4 11. cxd4 Ne6 12. Be3 Ng4 13. Rc1 Qb8 14. h3 Nxe3
15. fxe3 d6 16. Rc3 b5 17. Qc2 Rc8 18. Rc1 Rxc3 19. Qxc3 a5 20. Qc6 a4 21. Ne1
Bxd4 22. exd4 Nxd4 23. Qc7 Ne2+ 24. Kh1 Nxc1 25. Qxc1 Qb7 26. Nef3 Rc8 27. Qd1
Qb6 28. h4 Qf2 29. h5 Rc5 30. e5 Qe3 31. hxg6 hxg6 32. exd6 exd6 33. b3 a3 34.
Qa1 Rh5+ 35. Nh2 Qxd2 0-1

[Event "Weekend Villa Bombrini"]
[Site "Genova ITA"]
[Date "2014.10.04"]
[Round "2"]
[White "Saffioti, Massimo"]
[Black "Pesce, Gabriele"]
[WhiteElo "1891"]
[BlackElo "2209"]
[Result "0-1"]
[PlyCount "42"]
[EventDate "2014.10.03"]

1. e4 e5 2. c4 Nc6 3. Nc3 Bc5 4. Na4 d6 5. d3 Nge7 6. Ne2 O-O 7. Nxc5 dxc5 8.
Be3 b6 9. Qd2 Qd6 10. O-O-O Nd4 11. f4 Nec6 12. f5 Bd7 13. h4 Rfb8 14. h5 b5
15. h6 Nb4 16. Bxd4 cxd4 17. b3 a5 18. hxg7 a4 19. Qg5 Nxa2+ 20. Kc2 axb3+ 21.
Kb1 Qa3 0-1

[Event "Weekend Villa Bombrini"]
[Site "Genova ITA"]
[Date "2014.10.04"]
[Round "2"]
[White "Sanchez, Joseph"]
[Black "Altieri, Danilo Mario"]
[WhiteElo "2503"]
[BlackElo "2005"]
[Result "1-0"]
[PlyCount "85"]
[EventDate "2014.10.03"]

1. e4 d6 2. d4 Nf6 3. Nc3 e5 4. Nf3 Nbd7 5. Bc4 Be7 6. O-O O-O 7. Re1 c6 8. a4
a5 9. Ba2 exd4 10. Nxd4 Nc5 11. h3 h6 12. Qf3 Be6 13. Be3 Bxa2 14. Rxa2 Ncd7
15. Raa1 Ne5 16. Qe2 Re8 17. Rad1 Qc7 18. Nf5 Bf8 19. Bd4 g6 20. Ne3 Bg7 21. f4
Ned7 22. Qf3 Nf8 23. Nc4 d5 24. Be5 Qe7 25. exd5 Qc5+ 26. Ne3 Nxd5 27. Ncxd5
cxd5 28. Qxd5 Qb6 29. Bxg7 Kxg7 30. Qd4+ Qxd4 31. Rxd4 Ne6 32. Re4 Nc5 33. Rxe8
Rxe8 34. b3 Re4 35. g3 h5 36. h4 Rb4 37. Rd1 Ne4 38. Nd5 Nxg3 39. Nxb4 axb4 40.
Rd7 Ne2+ 41. Kf2 Nxf4 42. Rxb7 Nd5 43. a5 1-0

[Event "Weekend Villa Bombrini"]
[Site "Genova ITA"]
[Date "2014.10.04"]
[Round "3"]
[White "Birens, Eric-Andre'"]
[Black "Serapiglia, Roberto"]
[WhiteElo "1908"]
[BlackElo "1727"]
[Result "1/2-1/2"]
[PlyCount "168"]
[EventDate "2014.10.03"]

1. d4 Nf6 2. c4 c5 3. d5 e6 4. Nc3 exd5 5. cxd5 d6 6. e4 g6 7. f4 Bg7 8. Nf3
O-O 9. Be2 Re8 10. e5 dxe5 11. fxe5 Ng4 12. Bg5 Qa5 13. O-O Nxe5 14. Nxe5 Bxe5
15. d6 Bd4+ 16. Kh1 Be6 17. Nb5 Be5 18. Nc7 Nd7 19. Nxe6 Rxe6 20. Bc4 Rxd6 21.
Bxf7+ Kg7 22. Qc1 Qb6 23. Bb3 Bf6 24. Bxf6+ Nxf6 25. Qc3 Qc7 26. Rf3 b6 27.
Raf1 Rf8 28. Rf4 Qd8 29. Qf3 Rd4 30. Rxd4 Qxd4 31. Rd1 Qe5 32. Qb7+ Kh8 33. Qf3
Re8 34. Bc4 Kg7 35. Rf1 Re7 36. h3 Qxb2 37. Rf2 Qa1+ 38. Bf1 Qd4 39. Re2 Rxe2
40. Bxe2 Qe4 41. Qf2 a5 42. Bf3 Qe5 43. Qd2 Qe7 44. Qc3 Qd6 45. Qb3 h5 46. a4
Nd7 47. Qe3 Qe5 48. Qb3 Qd6 49. Qb2+ Qf6 50. Qc2 Ne5 51. Be2 Nc6 52. Bc4 Nd4
53. Qe4 h4 54. Qb7+ Kh6 55. Qe4 Nf5 56. Qe8 Qd6 57. Qh8+ Kg5 58. Qa1 Ng3+ 59.
Kg1 Qd4+ 60. Qxd4 cxd4 61. Bd3 Kf6 62. Kf2 Nf5 63. Kf3 Nd6 64. g3 hxg3 65. Kxg3
Nb7 66. Kf4 Nc5 67. Bb5 g5+ 68. Kg4 d3 69. Kf3 Kf5 70. Ke3 Ke5 71. Be8 Kf5 72.
Bb5 g4 73. hxg4+ Kxg4 74. Bxd3 Nxd3 75. Kxd3 Kf3 76. Kc4 Ke4 77. Kb5 Kd5 78.
Kxb6 Kd6 79. Kxa5 Kc5 80. Ka6 Kc6 81. a5 Kc7 82. Ka7 Kc6 83. a6 Kc7 84. Ka8 Kc8
1/2-1/2

[Event "Weekend Villa Bombrini"]
[Site "Genova ITA"]
[Date "2014.10.04"]
[Round "3"]
[White "Bottaro, Mario"]
[Black "Dordoni, Riccardo"]
[WhiteElo "1558"]
[BlackElo "1583"]
[Result "1-0"]
[PlyCount "141"]
[EventDate "2014.10.03"]

1. e4 e5 2. Nf3 Nc6 3. d4 exd4 4. Bc4 Bb4+ 5. c3 dxc3 6. bxc3 Qf6 7. Bb2 Nh6 8.
Qe2 Ba5 9. O-O O-O 10. Bd3 d6 11. c4 Ne5 12. Nxe5 dxe5 13. Nd2 Bg4 14. f3 Be6
15. Nb3 Bb4 16. a3 Bd6 17. h3 Qg5 18. Bc1 Qh4 19. Qf2 Qxf2+ 20. Rxf2 a5 21. Rc2
a4 22. Nd2 b6 23. Nb1 Rfd8 24. Kf1 f5 25. Bxh6 gxh6 26. exf5 Bc5 27. Ke2 Bf7
28. Nc3 h5 29. Ne4 Bd4 30. Rd1 b5 31. Rb1 bxc4 32. Bxc4 Bxc4+ 33. Rxc4 Ra7 34.
Nc5 Rf8 35. Ne6 Rxf5 36. Nxd4 exd4 37. Rxd4 c5 38. Rc4 Rg5 39. Kf2 Rag7 40.
Rb8+ Kf7 41. Rb7+ Kg6 42. Rxg7+ Kxg7 43. Rxa4 Kf6 44. Re4 Rd5 45. a4 Rd6 46.
Rc4 Rc6 47. a5 Ke5 48. a6 Kd5 49. Ra4 Rc8 50. Ke3 c4 51. Ra5+ Kc6 52. Kd4 Kb6
53. Ra3 Ka7 54. Rc3 Kxa6 55. Rxc4 Rd8+ 56. Ke3 Kb5 57. Rh4 Rd5 58. f4 Kc6 59.
Ke4 Kd6 60. g4 hxg4 61. hxg4 Rd2 62. Rxh7 Ke6 63. Rh6+ Kf7 64. Kf5 Kg7 65. Ra6
Rf2 66. Ra7+ Kg8 67. Kg5 Rf1 68. f5 Rg1 69. Kg6 Kf8 70. Kf6 Ke8 71. g5 1-0

[Event "Weekend Villa Bombrini"]
[Site "Genova ITA"]
[Date "2014.10.04"]
[Round "3"]
[White "Gioseffi, Massimiliano"]
[Black "Laketic, Gojko"]
[WhiteElo "2127"]
[BlackElo "2389"]
[Result "0-1"]
[PlyCount "81"]
[EventDate "2014.10.03"]

1. d4 Nf6 2. c4 c6 3. Nf3 d5 4. e3 e6 5. Nc3 Nbd7 6. Bd3 Bd6 7. O-O O-O 8. Qc2
h6 9. b3 Re8 10. Bb2 Qe7 11. Rfe1 dxc4 12. Bxc4 e5 13. h3 e4 14. Nd2 b5 15. Be2
Nb6 16. f3 Bg3 17. Rf1 Nbd5 18. Nd1 Nb4 19. Qc1 Bd7 20. a3 Nbd5 21. f4 g5 22.
fxg5 hxg5 23. Nb1 Bc7 24. Nf2 Qd6 25. Re1 Qh2+ 26. Kf1 Bg3 27. Qd2 Nxe3+ 28.
Qxe3 Bf4 29. Qc3 Nd5 30. Ng4 Bxg4 31. Bxg4 Nxc3 32. Nxc3 Bg3 33. Rxe4 Qh1+ 34.
Ke2 Qxg2+ 35. Kd3 Rxe4 36. Nxe4 Qxb2 37. Nf6+ Kg7 38. Rf1 Qxb3+ 39. Ke4 Qc2+
40. Kf3 Qd3+ 41. Kg2 0-1

[Event "Weekend Villa Bombrini"]
[Site "Genova ITA"]
[Date "2014.10.04"]
[Round "3"]
[White "Lazic, Miroljub"]
[Black "Angelini, Marco"]
[WhiteElo "2466"]
[BlackElo "2219"]
[Result "1-0"]
[PlyCount "77"]
[EventDate "2014.10.03"]

1. g3 c5 2. Bg2 g6 3. c4 Bg7 4. Nc3 Nc6 5. a3 Nf6 6. Rb1 a5 7. Nf3 O-O 8. O-O
d6 9. d3 h6 10. Ne1 Be6 11. Nd5 Bxd5 12. cxd5 Nd4 13. e3 Nb5 14. Nc2 Nc7 15. e4
a4 16. d4 b6 17. Be3 Nd7 18. Qd2 Kh7 19. g4 Nb5 20. dxc5 bxc5 21. f4 Rb8 22. h4
Nb6 23. Qe2 Qd7 24. Bh3 Nc7 25. h5 Qb5 26. hxg6+ fxg6 27. Qh2 Qd3 28. Rbe1 Nc4
29. Bc1 Kg8 30. Qg2 Nxb2 31. Rf3 Qb5 32. g5 h5 33. f5 Nd3 34. Ref1 Nxc1 35.
Rxc1 Qc4 36. fxg6 Be5 37. Rcf1 Rxf3 38. Qxf3 Qxc2 39. Qf7+ 1-0

[Event "Weekend Villa Bombrini"]
[Site "Genova ITA"]
[Date "2014.10.04"]
[Round "3"]
[White "Manfredi, Vincenzo"]
[Black "Van Hoolandt, Patrick"]
[WhiteElo "2224"]
[BlackElo "2170"]
[Result "1-0"]
[PlyCount "77"]
[EventDate "2014.10.03"]

1. d4 Nf6 2. c4 e6 3. Nc3 Bb4 4. e3 O-O 5. a3 Bxc3+ 6. bxc3 c5 7. Bd3 Nc6 8.
Ne2 b6 9. e4 Ne8 10. O-O Ba6 11. f4 f5 12. Ng3 g6 13. dxc5 bxc5 14. Rb1 Rc8 15.
Be3 Na5 16. exf5 gxf5 17. Qa4 d5 18. Bf2 Rf7 19. Rfe1 Ng7 20. Rb5 Bxb5 21. cxb5
Nb7 22. c4 Nd6 23. Rd1 Qc7 24. cxd5 exd5 25. Be2 d4 26. Bf3 Ne4 27. Nxe4 fxe4
28. Bxe4 Qxf4 29. Qc2 Ne6 30. Bd5 Re8 31. g3 Qf5 32. Qa2 Kg7 33. Rf1 Rf6 34.
Bg2 Qd3 35. Qd5 Re7 36. Bh3 Nf4 37. Qg5+ Ng6 38. Qxc5 Nf4 39. Qxe7+ 1-0

[Event "Weekend Villa Bombrini"]
[Site "Genova ITA"]
[Date "2014.10.04"]
[Round "3"]
[White "Pacelli, Stefano"]
[Black "Mandolini, Alessandro"]
[WhiteElo "1481"]
[BlackElo "1711"]
[Result "0-1"]
[PlyCount "100"]
[EventDate "2014.10.03"]

1. e4 d6 2. d4 Nf6 3. Nc3 e5 4. dxe5 dxe5 5. Qxd8+ Kxd8 6. Bg5 Be6 7. O-O-O+
Nbd7 8. Nf3 Bd6 9. Bb5 Ke7 10. Nd5+ Bxd5 11. exd5 h6 12. Bh4 g5 13. Bg3 Ne4 14.
Rhe1 Nxg3 15. fxg3 f6 16. Nd4 Nb6 17. Nf5+ Kf7 18. Nxd6+ cxd6 19. b3 Rac8 20.
Rd2 Rc5 21. a4 a6 22. Be2 Rhc8 23. Bg4 R8c7 24. Be6+ Kg7 25. Re4 a5 26. h4 Rc3
27. hxg5 hxg5 28. Rg4 Rxb3 29. Kd1 Ra3 30. Bf5 Nc4 31. Rxc4 Rxc4 32. Rd3 Raxa4
33. g4 Rd4 34. Kd2 Rxd3+ 35. Kxd3 Rd4+ 36. Kc3 Rxd5 37. Kb3 b5 38. c4 bxc4+ 39.
Kxc4 Rc5+ 40. Kb3 d5 41. g3 e4 42. Kb2 e3 43. Bd3 d4 44. Be2 f5 45. gxf5 Rxf5
46. Kb3 Rf2 47. Bd3 e2 48. Bxe2 Rxe2 49. Kc4 Re4 50. Kd3 Rg4 0-1

[Event "Weekend Villa Bombrini"]
[Site "Genova ITA"]
[Date "2014.10.04"]
[Round "3"]
[White "Pesce, Gabriele"]
[Black "Sanchez, Joseph"]
[WhiteElo "2209"]
[BlackElo "2503"]
[Result "0-1"]
[PlyCount "46"]
[EventDate "2014.10.03"]

1. e4 c5 2. Nf3 Nc6 3. Bb5 d6 4. Bxc6+ bxc6 5. d3 Nf6 6. h3 e5 7. c4 Be7 8. Nc3
Nd7 9. Ne2 Nf8 10. Ng3 Ne6 11. O-O O-O 12. Nf5 Bf6 13. Qa4 Qc7 14. Nh2 g6 15.
Ng4 Bd8 16. Ng3 Nf4 17. Qd1 f5 18. Nh2 Be6 19. exf5 gxf5 20. Re1 Ng6 21. Nh5 f4
22. f3 Bh4 23. Re2 Rf5 0-1

[Event "Weekend Villa Bombrini"]
[Site "Genova ITA"]
[Date "2014.10.04"]
[Round "3"]
[White "Tammarazio, Saverio"]
[Black "Grasso, Gabriele"]
[WhiteElo "1893"]
[BlackElo "1715"]
[Result "1-0"]
[PlyCount "63"]
[EventDate "2014.10.03"]

1. c3 d5 2. Qc2 Nf6 3. d3 c5 4. Nd2 Nc6 5. e4 e5 6. Be2 Be7 7. Ngf3 Bg4 8. h3
Bxf3 9. Nxf3 d4 10. Bd2 Nd7 11. h4 Qc7 12. a3 O-O-O 13. Rc1 Kb8 14. cxd4 cxd4
15. b4 Rc8 16. Qb3 Qd6 17. O-O Nd8 18. Rxc8+ Kxc8 19. Rc1+ Kb8 20. Qc2 Ne6 21.
a4 Nb6 22. Qb3 Rc8 23. Rxc8+ Kxc8 24. a5 Nd7 25. g3 Qc6 26. Ne1 g5 27. h5 h6
28. Nc2 Nf6 29. Na3 Ne8 30. Nc4 f6 31. Bg4 N8c7 32. b5 1-0

[Event "Weekend Villa Bombrini"]
[Site "Genova ITA"]
[Date "2014.10.05"]
[Round "4"]
[White "Algeri, Lorenzo"]
[Black "Altieri, Danilo Mario"]
[WhiteElo "1822"]
[BlackElo "2005"]
[Result "1-0"]
[PlyCount "149"]
[EventDate "2014.10.03"]

1. e4 d6 2. d4 Nf6 3. Nc3 e5 4. dxe5 dxe5 5. Qxd8+ Kxd8 6. Bc4 Be6 7. Bxe6 fxe6
8. Nf3 Bd6 9. Bg5 Nc6 10. O-O-O Ke7 11. a3 a6 12. Rd2 b5 13. Rhd1 h6 14. Bxf6+
gxf6 15. a4 Rhb8 16. b3 bxa4 17. Nxa4 Na7 18. Rd3 Nb5 19. Nd2 Ba3+ 20. Kb1 Rd8
21. Nc4 Rxd3 22. Rxd3 Bb4 23. Ne3 Be1 24. Nd1 Bb4 25. c3 Ba5 26. Ne3 c6 27. Nc4
Bc7 28. Nc5 Nd6 29. Nxd6 Bxd6 30. Nb7 Bc7 31. b4 Ra7 32. Nc5 Bb6 33. Rh3 Bxc5
34. bxc5 Rb7+ 35. Kc2 Rb5 36. Rxh6 Rxc5 37. Rh7+ Kf8 38. Ra7 Ra5 39. Kb3 Ra1
40. f3 a5 41. Ra6 Rg1 42. Rxc6 Ke7 43. Rc7+ Kf8 44. Rd7 Rxg2 45. Ka4 Rc2 46.
Rd3 Rxh2 47. Kxa5 f5 48. Re3 f4 49. Rd3 Re2 50. Kb4 Re3 51. Kc4 Re1 52. Kb3 Ke7
53. c4 Re3 54. Kc3 Re1 55. c5 Rc1+ 56. Kb4 Rb1+ 57. Kc4 Rc1+ 58. Kb5 Rb1+ 59.
Kc6 Rb4 60. Rd7+ Ke8 61. Kc7 Rb3 62. c6 Rxf3 63. Kb8 Rc3 64. Kb7 f3 65. Rd2 Ke7
66. c7 Kf6 67. c8=Q Rxc8 68. Kxc8 Kg5 69. Kd7 Kf4 70. Kxe6 Kxe4 71. Ra2 Kf4 72.
Kd5 e4 73. Kd4 Kg3 74. Ke3 Kg4 75. Kxe4 1-0

[Event "Weekend Villa Bombrini"]
[Site "Genova ITA"]
[Date "2014.10.05"]
[Round "4"]
[White "Angelini, Marco"]
[Black "Celli, Ugo"]
[WhiteElo "2219"]
[BlackElo "1954"]
[Result "1-0"]
[PlyCount "73"]
[EventDate "2014.10.03"]

1. c4 d6 2. g3 e5 3. Bg2 f5 4. Nc3 Nf6 5. e3 c6 6. Nge2 Be7 7. O-O O-O 8. b4
Be6 9. d3 d5 10. cxd5 cxd5 11. d4 e4 12. a3 Nbd7 13. Na4 Bf7 14. Nc5 b6 15. Na6
Nb8 16. Nxb8 Rxb8 17. Qb3 Qd7 18. b5 Rfc8 19. Bd2 Ne8 20. Nc3 Qe6 21. f3 Nd6
22. fxe4 Nxe4 23. Nxe4 fxe4 24. a4 h5 25. a5 Bd8 26. axb6 Bxb6 27. Rf2 Rc7 28.
Raf1 Rbb7 29. Rf5 Rc4 30. Re5 Qd7 31. Ref5 Qe6 32. Bh3 Qe8 33. Re5 Qd8 34. Rxf7
Kxf7 35. Be6+ Kf6 36. Bxd5 Rxd4 37. Re6+ 1-0

[Event "Weekend Villa Bombrini"]
[Site "Genova ITA"]
[Date "2014.10.05"]
[Round "4"]
[White "Buselli, Claudio"]
[Black "Mazzolini, Stefano"]
[WhiteElo "1663"]
[BlackElo "1792"]
[Result "0-1"]
[PlyCount "100"]
[EventDate "2014.10.03"]

1. d4 d5 2. c4 c6 3. Nf3 Nf6 4. e3 e6 5. Nc3 Nbd7 6. cxd5 exd5 7. Bd3 Bd6 8.
O-O O-O 9. a3 a5 10. Qc2 Re8 11. b3 Nf8 12. h3 Ng6 13. e4 dxe4 14. Nxe4 Nxe4
15. Bxe4 Be6 16. Bb2 Qc7 17. Rfd1 Bxb3 18. Qxb3 Rxe4 19. Qd3 Ree8 20. Qc3 Nf4
21. Kf1 Nd5 22. Qd3 h6 23. Bc1 Bf4 24. Bxf4 Nxf4 25. Qc4 Qd6 26. Ne5 Qd5 27.
Qxd5 Nxd5 28. Rac1 Red8 29. g3 f6 30. Nd3 Rd6 31. Nc5 b6 32. Ne4 Re6 33. Nd2 b5
34. Re1 Rae8 35. Rxe6 Rxe6 36. Re1 Rxe1+ 37. Kxe1 b4 38. axb4 axb4 39. Nb3 Kf7
40. Ke2 Ke6 41. f4 g5 42. fxg5 fxg5 43. Kf3 h5 44. g4 h4 45. Ke4 Nf4 46. Nc5+
Ke7 47. Kf3 Nxh3 48. Kg2 Nf4+ 49. Kh2 Ne6 50. Nb3 Kd6 0-1

[Event "Weekend Villa Bombrini"]
[Site "Genova ITA"]
[Date "2014.10.05"]
[Round "4"]
[White "Carlini, Giancarlo"]
[Black "Dordoni, Riccardo"]
[WhiteElo "1494"]
[BlackElo "1583"]
[Result "1-0"]
[PlyCount "51"]
[EventDate "2014.10.03"]

1. d4 d5 2. c4 c6 3. Nc3 e6 4. cxd5 exd5 5. Nf3 Nf6 6. Bg5 Bg4 7. Ne5 Be6 8. e3
Be7 9. Bd3 Nbd7 10. f4 c5 11. f5 cxd4 12. fxe6 Nxe5 13. Bb5+ Kf8 14. exd4 Nc4
15. Qe2 fxe6 16. Qxe6 Nxb2 17. O-O Qd6 18. Qxd6 Bxd6 19. Bxf6 gxf6 20. Rxf6+
Ke7 21. Nxd5+ Kd8 22. Rxd6+ Kc8 23. Rc1+ Kb8 24. Rd7 a6 25. Rcc7 axb5 26. Rxb7+
1-0

[Event "Weekend Villa Bombrini"]
[Site "Genova ITA"]
[Date "2014.10.05"]
[Round "4"]
[White "Cesarini, Antonello"]
[Black "Pioli, Franco"]
[WhiteElo "1801"]
[BlackElo "1571"]
[Result "1-0"]
[PlyCount "109"]
[EventDate "2014.10.03"]

1. e4 d5 2. exd5 Qxd5 3. Nc3 Qa5 4. d4 Nf6 5. Bc4 c6 6. Nge2 Bf5 7. O-O e6 8.
Bd2 Qc7 9. Ng3 Bg6 10. Re1 Be7 11. Bb3 O-O 12. Qf3 Nbd7 13. Bf4 Bd6 14. Bxd6
Qxd6 15. Rad1 Nd5 16. Nxd5 cxd5 17. c4 dxc4 18. Bxc4 Qb4 19. Bb3 Nf6 20. h4 h6
21. h5 Bh7 22. Qf4 a5 23. Qd2 Qxd2 24. Rxd2 Rac8 25. Re5 b6 26. Rb5 Rb8 27. d5
exd5 28. Bxd5 Nxd5 29. Rdxd5 f5 30. Nxf5 Bxf5 31. Rxf5 Rxf5 32. Rxf5 a4 33. Rb5
Rb7 34. f3 Kf7 35. Kf2 Ke6 36. Ke3 Kd6 37. Kd4 Kc6 38. Rb4 b5 39. Ke5 Re7+ 40.
Kf5 Re2 41. g4 Kc5 42. a3 Rf2 43. f4 Rc2 44. Kg6 Rc4 45. Kxg7 Rxb4 46. axb4+
Kxb4 47. f5 Kb3 48. f6 Kxb2 49. f7 a3 50. f8=Q a2 51. Qb4+ Kc2 52. Qc5+ Kb3 53.
Qxb5+ Kc2 54. Qa4+ Kb1 55. Kxh6 1-0

[Event "Weekend Villa Bombrini"]
[Site "Genova ITA"]
[Date "2014.10.05"]
[Round "4"]
[White "Collareta, Giovanni"]
[Black "Boschi, Massimiliano"]
[WhiteElo "2080"]
[BlackElo "1946"]
[Result "1-0"]
[PlyCount "59"]
[EventDate "2014.10.03"]

1. c4 Nf6 2. Nf3 e6 3. g3 d5 4. Bg2 Be7 5. d4 O-O 6. O-O c5 7. cxd5 exd5 8. Nc3
Nc6 9. b3 Ne4 10. Bb2 Bf6 11. Na4 b5 12. Nxc5 Nxc5 13. Rc1 Nxb3 14. axb3 Qd6
15. Ne5 Bb7 16. Ng4 Bd8 17. Rc5 Ne7 18. Qd2 Bb6 19. Rc2 Rfc8 20. Rfc1 Rxc2 21.
Rxc2 Rc8 22. Rxc8+ Bxc8 23. Ne3 Bb7 24. Bc3 Qd7 25. Bb4 Nc8 26. Bc5 Bc6 27. Bf3
Qb7 28. Nf5 Bd8 29. Qf4 g6 30. Qh6 1-0

[Event "Weekend Villa Bombrini"]
[Site "Genova ITA"]
[Date "2014.10.05"]
[Round "4"]
[White "De Pirro, Amedeo"]
[Black "Rivara, Massimo"]
[WhiteElo "1548"]
[BlackElo "1767"]
[Result "0-1"]
[PlyCount "63"]
[EventDate "2014.10.03"]

1. d4 Nf6 2. Nf3 b6 3. Bf4 Bb7 4. Nbd2 g6 5. e3 Bg7 6. Bd3 d6 7. c3 Nbd7 8. O-O
O-O 9. Re1 Nh5 10. Bg5 Nhf6 11. e4 e5 12. Nc4 Qe8 13. Qd2 exd4 14. Bxf6 Nxf6
15. e5 dxe5 16. Ncxe5 dxc3 17. bxc3 Qd8 18. Qc2 c5 19. Rad1 Qc7 20. h3 Rad8 21.
Bc4 Bd5 22. Bxd5 Rxd5 23. Qb3 Rfd8 24. Qa4 Rxd1 25. Rxd1 Rxd1+ 26. Qxd1 Ne4 27.
Qe1 Bxe5 28. Qxe4 Bxc3 29. Ng5 Qe5 30. Qh4 Qe1+ 31. Kh2 Be5+ 32. g3 0-1

[Event "Weekend Villa Bombrini"]
[Site "Genova ITA"]
[Date "2014.10.05"]
[Round "4"]
[White "Del Noce, Roberto"]
[Black "Pesce, Gabriele"]
[WhiteElo "1897"]
[BlackElo "2209"]
[Result "0-1"]
[PlyCount "142"]
[EventDate "2014.10.03"]

1. e4 e5 2. f4 d5 3. exd5 e4 4. d3 Nf6 5. dxe4 Nxe4 6. Be3 Qh4+ 7. g3 Nxg3 8.
Nf3 Qe7 9. hxg3 Qxe3+ 10. Qe2 Qxe2+ 11. Bxe2 Bc5 12. Rh2 Nd7 13. Nbd2 Nf6 14.
Bc4 O-O 15. O-O-O Bf5 16. Ne5 Ng4 17. Nxg4 Bxg4 18. Rdh1 h6 19. Be2 Bd7 20. Ne4
Be3+ 21. Kb1 Rfe8 22. Bd3 Kf8 23. Re2 Bb6 24. Rh4 Bf5 25. a3 Bxe4 26. Rxe4 Rxe4
27. Bxe4 Re8 28. Bd3 Bf2 29. f5 Bxg3 30. Re4 h5 31. Rxe8+ Kxe8 32. Kc1 Ke7 33.
Kd2 Bf4+ 34. Kd1 Kd6 35. c4 Ke5 36. a4 h4 37. Ke1 h3 38. Kf1 a5 39. Kg1 b6 40.
Bc2 Kd4 41. b3 Kc3 42. Bd1 Kd2 43. Bh5 f6 44. Bf7 Bd6 45. Bg6 Kc3 46. Be8 Kxb3
47. Bb5 Kc3 48. Kh1 Kd4 49. Ba6 Ke4 50. Bc8 Kf4 51. Bd7 Be5 52. Be6 Kg5 53. Bd7
g6 54. fxg6 f5 55. Be8 Kh4 56. Bd7 f4 57. Bf5 Kg3 58. Bd3 f3 59. Kg1 Bf6 60.
Be4 Bg7 61. Bd3 Bd4+ 62. Kh1 Be5 63. Kg1 Bg7 64. Be4 Bd4+ 65. Kh1 Kf4 66. Bd3
Ke3 67. Bf5 f2 68. Bxh3 Ke2 69. Kh2 Be5+ 70. Kh1 f1=Q+ 71. Bxf1+ Kxf1 0-1

[Event "Weekend Villa Bombrini"]
[Site "Genova ITA"]
[Date "2014.10.05"]
[Round "4"]
[White "Laketic, Gojko"]
[Black "Lazic, Miroljub"]
[WhiteElo "2389"]
[BlackElo "2466"]
[Result "1/2-1/2"]
[PlyCount "22"]
[EventDate "2014.10.03"]

1. e4 e5 2. Nf3 Nc6 3. d4 exd4 4. Nxd4 Nb4 5. c3 Nc6 6. Nxc6 bxc6 7. Bd3 d6 8.
Qf3 Qf6 9. Nd2 Bd7 10. O-O Qxf3 11. Nxf3 Ne7 1/2-1/2

[Event "Weekend Villa Bombrini"]
[Site "Genova ITA"]
[Date "2014.10.05"]
[Round "4"]
[White "Mandolini, Alessandro"]
[Black "Baggiani, Fabio"]
[WhiteElo "1711"]
[BlackElo "1811"]
[Result "1-0"]
[PlyCount "77"]
[EventDate "2014.10.03"]

1. c4 Nc6 2. Nc3 e5 3. g3 g6 4. Bg2 Bg7 5. e3 f5 6. d3 Nf6 7. Nge2 O-O 8. O-O
d6 9. f4 Nd7 10. Rb1 a5 11. a3 Nc5 12. b4 axb4 13. axb4 Ne6 14. b5 Ne7 15. Qc2
Kh8 16. Bb2 Ng8 17. Nd5 h5 18. Bc3 Nc5 19. fxe5 dxe5 20. Bb4 b6 21. Bxc5 bxc5
22. Nef4 exf4 23. Nxf4 Rb8 24. Nxg6+ Kh7 25. Nxf8+ Qxf8 26. Qe2 Qe8 27. Bc6 Qg6
28. Qf3 Ne7 29. e4 f4 30. Qxf4 Bh3 31. Qxc7 Bxf1 32. Rxf1 Nxc6 33. bxc6 Rb3 34.
Qd7 h4 35. c7 hxg3 36. Qh3+ Bh6 37. c8=Q gxh2+ 38. Kh1 Rb2 39. Qhf5 1-0

[Event "Weekend Villa Bombrini"]
[Site "Genova ITA"]
[Date "2014.10.05"]
[Round "4"]
[White "Mercandelli, Claudio"]
[Black "Gioseffi, Massimiliano"]
[WhiteElo "1886"]
[BlackElo "2127"]
[Result "0-1"]
[PlyCount "54"]
[EventDate "2014.10.03"]

1. Nf3 Nf6 2. c4 c5 3. Nc3 Nc6 4. e4 d6 5. d4 cxd4 6. Nxd4 g6 7. Be2 Bg7 8. Be3
Bd7 9. O-O Rc8 10. f3 a6 11. Qd2 Ne5 12. b3 O-O 13. Rac1 e6 14. Nc2 b5 15. cxb5
Rxc3 16. Qxc3 Nxe4 17. fxe4 Nf3+ 18. Bxf3 Bxc3 19. b6 Ba5 20. Rfd1 Bc8 21. Na3
Bxb6 22. Bxb6 Qxb6+ 23. Kh1 Rd8 24. Nc4 Qb8 25. Na5 Bb7 26. Nxb7 Qxb7 27. Rxd6
Rxd6 0-1

[Event "Weekend Villa Bombrini"]
[Site "Genova ITA"]
[Date "2014.10.05"]
[Round "4"]
[White "Nastrelli, Roberto"]
[Black "Cirabisi, Federico"]
[WhiteElo "1876"]
[BlackElo "2045"]
[Result "1-0"]
[PlyCount "61"]
[EventDate "2014.10.03"]

1. Nf3 f5 2. d4 Nf6 3. c4 e6 4. Nc3 d5 5. g3 c6 6. Bg2 Bd6 7. O-O O-O 8. Bf4
Be7 9. Ne5 Nbd7 10. f3 Nh5 11. e4 g5 12. Nxd7 gxf4 13. Nxf8 fxg3 14. f4 gxh2+
15. Kxh2 Nf6 16. exf5 Qxf8 17. Bh3 exf5 18. Rg1+ Kh8 19. Rg2 Qh6 20. Qf3 Bd6
21. Ne2 Be6 22. c5 Bc7 23. Kg1 Ne4 24. Rd1 b6 25. b4 bxc5 26. dxc5 Rb8 27. Nd4
Rxb4 28. Bxf5 Rxd4 29. Rxd4 Bxf5 30. Rxe4 Bxe4 31. Qc3+ 1-0

[Event "Weekend Villa Bombrini"]
[Site "Genova ITA"]
[Date "2014.10.05"]
[Round "4"]
[White "Picasso, Marco Francesco"]
[Black "Ruo, Andrea"]
[WhiteElo "1456"]
[BlackElo "1608"]
[Result "1-0"]
[PlyCount "65"]
[EventDate "2014.10.03"]

1. d4 Nf6 2. f4 g6 3. Nf3 Bg7 4. e3 d6 5. Nbd2 O-O 6. b3 Nd5 7. Nc4 c5 8. Bb2
b5 9. e4 Nxf4 10. Ne3 a6 11. Qd2 Bb7 12. Bd3 Qc7 13. c3 Nc6 14. Nd5 Nxd3+ 15.
Qxd3 Qd8 16. O-O e6 17. Ne3 cxd4 18. cxd4 Qb6 19. Qd2 Rac8 20. Kh1 Ne7 21. Ng5
d5 22. e5 h6 23. Nh3 Nf5 24. Ng4 Qc6 25. Rac1 Qd7 26. Nf6+ Bxf6 27. exf6 Rxc1
28. Bxc1 Qd8 29. Ba3 Re8 30. Be7 Nxe7 31. Qxh6 Nf5 32. Rxf5 exf5 33. Qg7# 1-0

[Event "Weekend Villa Bombrini"]
[Site "Genova ITA"]
[Date "2014.10.05"]
[Round "4"]
[White "Saffioti, Massimo"]
[Black "Bottaro, Mario"]
[WhiteElo "1891"]
[BlackElo "1558"]
[Result "1-0"]
[PlyCount "67"]
[EventDate "2014.10.03"]

1. c4 e5 2. Nc3 Nc6 3. g3 f5 4. d3 d6 5. Bg2 Nf6 6. Bg5 Be7 7. Qd2 Ng4 8. Bxe7
Qxe7 9. h3 Nf6 10. O-O-O O-O 11. e3 Rb8 12. Nge2 a6 13. d4 e4 14. Nf4 Qf7 15.
b3 Ne7 16. f3 d5 17. fxe4 Nxe4 18. Bxe4 fxe4 19. Nfxd5 Nxd5 20. Nxd5 Be6 21.
Nc3 Bxc4 22. bxc4 Qxc4 23. Kc2 b5 24. Qe2 Rf2 25. Qxf2 b4 26. Rb1 Qxc3+ 27. Kd1
Qd3+ 28. Kc1 Qc3+ 29. Qc2 Qxe3+ 30. Qd2 Qa3+ 31. Rb2 e3 32. Qc2 Rf8 33. Qb3+
Qxb3 34. axb3 1-0

[Event "Weekend Villa Bombrini"]
[Site "Genova ITA"]
[Date "2014.10.05"]
[Round "4"]
[White "Sanchez, Joseph"]
[Black "Manfredi, Vincenzo"]
[WhiteElo "2503"]
[BlackElo "2224"]
[Result "1/2-1/2"]
[PlyCount "37"]
[EventDate "2014.10.03"]

1. e4 c5 2. Nf3 e6 3. d4 cxd4 4. Nxd4 Nc6 5. Nc3 Qc7 6. Be3 a6 7. a3 b5 8. f4
Bb7 9. Be2 Rc8 10. O-O Bc5 11. Nf5 Nce7 12. Nd4 Nc6 13. Bf3 Nge7 14. Kh1 Nxd4
15. Bxd4 Bxd4 16. Qxd4 O-O 17. Qd2 Rfd8 18. Rf2 d5 19. exd5 1/2-1/2